<?xml version="1.0" encoding="UTF-8"?>
<record
    xmlns:xsi="http://www.w3.org/2001/XMLSchema-instance"
    xsi:schemaLocation="http://www.loc.gov/MARC21/slim http://www.loc.gov/standards/marcxml/schema/MARC21slim.xsd"
    xmlns="http://www.loc.gov/MARC21/slim">

  <leader>01017cam a2200265 a 4500</leader>
  <controlfield tag="001">3072</controlfield>
  <controlfield tag="005">20240202120423.0</controlfield>
  <datafield tag="020" ind1=" " ind2=" ">
    <subfield code="a">9781410967688</subfield>
  </datafield>
  <datafield tag="040" ind1=" " ind2=" ">
    <subfield code="a">DLC</subfield>
    <subfield code="c">DLC</subfield>
    <subfield code="d">DLC</subfield>
    <subfield code="b">eng</subfield>
  </datafield>
  <datafield tag="050" ind1="0" ind2="0">
    <subfield code="a">PZ8.G947</subfield>
    <subfield code="b"> 2013</subfield>
  </datafield>
  <datafield tag="082" ind1="0" ind2="0">
    <subfield code="a">398.2</subfield>
  </datafield>
  <datafield tag="100" ind1="1" ind2=" ">
    <subfield code="a">Guillain, Charlotte</subfield>
  </datafield>
  <datafield tag="245" ind1="1" ind2="4">
    <subfield code="a">The poodle and the pea /</subfield>
    <subfield code="c">written by Charlotte Guillain ; illustrated by Dawn Beacon.</subfield>
  </datafield>
  <datafield tag="260" ind1=" " ind2=" ">
    <subfield code="a">Chicago, Illinois :</subfield>
    <subfield code="b">Raintree,</subfield>
    <subfield code="c">2013</subfield>
  </datafield>
  <datafield tag="300" ind1=" " ind2=" ">
    <subfield code="a">24 pages : </subfield>
    <subfield code="b">color illustrations ;</subfield>
    <subfield code="c">26 cm . </subfield>
  </datafield>
  <datafield tag="490" ind1="0" ind2=" ">
    <subfield code="a">Animal fairy tales</subfield>
  </datafield>
  <datafield tag="505" ind1=" " ind2=" ">
    <subfield code="a">N 
</subfield>
  </datafield>
  <datafield tag="520" ind1=" " ind2=" ">
    <subfield code="a">A simplified version of the familiar tale featuring a young poodle who has been lost in the woods then finds shelter in a palace where, by feeling a pea through many blankets, she proves that she is a real princess. Includes a note on the history of the tale.</subfield>
  </datafield>
  <datafield tag="521" ind1=" " ind2=" ">
    <subfield code="a">560 
</subfield>
    <subfield code="b">Lexile 
</subfield>
  </datafield>
  <datafield tag="521" ind1=" " ind2=" ">
    <subfield code="a">N 
</subfield>
    <subfield code="b">Raz-Plus 
</subfield>
  </datafield>
  <datafield tag="650" ind1=" " ind2="1">
    <subfield code="a">dog</subfield>
    <subfield code="v">fairy tales</subfield>
  </datafield>
  <datafield tag="700" ind1="1" ind2=" ">
    <subfield code="a">Beacon, Dawn </subfield>
  </datafield>
  <datafield tag="906" ind1=" " ind2=" ">
    <subfield code="a">7</subfield>
    <subfield code="b">cbc</subfield>
    <subfield code="c">orignew</subfield>
    <subfield code="d">1</subfield>
    <subfield code="e">ecip</subfield>
    <subfield code="f">20</subfield>
    <subfield code="g">y-gencatlg</subfield>
  </datafield>
  <datafield tag="942" ind1=" " ind2=" ">
    <subfield code="2">ddc</subfield>
    <subfield code="c">BK</subfield>
    <subfield code="n">0</subfield>
  </datafield>
  <datafield tag="999" ind1=" " ind2=" ">
    <subfield code="c">3072</subfield>
    <subfield code="d">3072</subfield>
  </datafield>
  <datafield tag="952" ind1=" " ind2=" ">
    <subfield code="0">0</subfield>
    <subfield code="1">0</subfield>
    <subfield code="2">ddc</subfield>
    <subfield code="4">0</subfield>
    <subfield code="7">0</subfield>
    <subfield code="8">JUVF</subfield>
    <subfield code="a">001</subfield>
    <subfield code="b">001</subfield>
    <subfield code="c">TTP</subfield>
    <subfield code="d">2024-02-02</subfield>
    <subfield code="l">2</subfield>
    <subfield code="o">GUI 398.2 PZ8.G947</subfield>
    <subfield code="p">FISBK073113</subfield>
    <subfield code="r">2025-04-10 15:37:50</subfield>
    <subfield code="s">2024-09-18</subfield>
    <subfield code="w">2024-02-02</subfield>
    <subfield code="y">BK</subfield>
  </datafield>
  <datafield tag="952" ind1=" " ind2=" ">
    <subfield code="0">0</subfield>
    <subfield code="1">0</subfield>
    <subfield code="2">ddc</subfield>
    <subfield code="4">0</subfield>
    <subfield code="7">0</subfield>
    <subfield code="8">JUVF</subfield>
    <subfield code="a">001</subfield>
    <subfield code="b">001</subfield>
    <subfield code="c">TK Yellow</subfield>
    <subfield code="d">2024-11-04</subfield>
    <subfield code="l">0</subfield>
    <subfield code="o">GUI 398.2 PZ8.G947</subfield>
    <subfield code="p">2024-2278</subfield>
    <subfield code="r">2024-11-05 12:16:51</subfield>
    <subfield code="t">2</subfield>
    <subfield code="w">2024-11-04</subfield>
    <subfield code="y">BK</subfield>
  </datafield>
</record>
